Actors That Have Worked With Bill Murray - Statistics

General Stats
  • This quiz has been taken 63 times
    39 since last reset
  • The average score is 23 of 88
Answer Stats
Movies Actor % Correct
Ghostbusters Dan Aykroyd
87%
Charlie's Angels Lucy Liu
84%
Charlie's Angels Drew Barrymore
81%
Space Jam Michael Jordan
74%
Ghostbusters Sigourney Weaver
74%
Get Smart Steve Carell
74%
Kingpin, Zombieland Woody Harrelson
74%
Charlie's Angels Cameron Diaz
71%
Ed Wood Johnny Depp
68%
Charlie's Angels, Rushmore, The Royal Tennenbaums Luke Wilson
68%
The Darjeelng Limited, The Grand Budapest Hotel, The Life Aquatic with Steve Zissou, The Royal Tennenbaums Owen Wilson
68%
Lost In Translation Scarlett Johansson
68%
The Monuments Men Matt Damon
65%
Get Smart Dwayne Johnson
61%
A Very Murray Christmas, The Monuments Men George Clooney
58%
Aloha, Zombieland Emma Stone
55%
Ghostbusters, Groundhog Day, Stripes Harold Ramis
55%
The Lost City, Tootsie Dustin Hoffman
48%
The Grand Budapest Hotel Ralph Fiennes
48%
Get Smart Anne Hathaway
45%
A Very Murray Christmas, Osmosis Jones Chris Rock
42%
The Royal Tennenbaums Gene Hackman
42%
Ghostbusters Rick Moranis
42%
Moonrise Kingdom, Rock the Kasbah Bruce Willis
39%
Moonrise Kingdom, The French Dispatch, The Grand Budapest Hotel Edward Norton
39%
Ghostbusters Ernie Hudson
39%
Stripes John Candy
39%
The Royal Tennenbaums Ben Stiller
35%
The Royal Tennenbaums Gwyneth Paltrow
35%
Zombieland Jesse Eisenberg
35%
Rock the Kasbah Kate Hudson
35%
Aloha Bradley Cooper
29%
City of Ember Toby Jones
29%
The Darjeeling Limited, The French Dispatch, The Grand Budapest Hotel Adrien Brody
26%
The Royal Tenenbaums Anjelica Huston
26%
The Monuments Men John Goodman
26%
Hamlet Casey Affleck
23%
The Life Aquatic with Steve Zissou, The Monuments Men Cate Blanchett
23%
The Dead Don't Die, The Royal Tennenbaums Danny Glover
23%
Broken Flowers, Moonrise Kingdom, The Dead Don't Die, The French Dispatch, The Grand Budapest Hotel Tilda Swinton
19%
The Jungle Book Christopher Walken
16%
The Jungle Book Idris Elba
16%
A Very Murray Christmas, Moonrise Kingdom, Rushmore, The Darjeeling Limited, The French Dispatch, The Grand Budapest Hotel Jason Schwartzman
16%
The Grand Budapest Hotel Jude Law
16%
Larger Than Life Matthew McConaughey
16%
Passion Play Megan Fox
16%
The French Dispatch, The Grand Budapest, The Life Aquatic with Steve Zissou Willem Dafoe
16%
Get Smart Alan Arkin
13%
Aloha, The Royal Tennenbaums Alec Baldwin
13%
St. Vincent Naomi Watts
13%
Space Jam Wayne Knight
13%
The Greatest Beer Run Ever Zac Efron
13%
The Lost City Andy Garcia
10%
The French Dispatch Benicio del Toro
10%
The Grand Budapest Hotel, The Life Aquatic with Steve Zissou Jeff Goldblum
10%
Wild Things Kevin Bacon
10%
Osmosis Jones Laurence Fishburne
10%
Wild Things Matt Dillon
10%
A Very Murray Christmas Michael Cera
10%
A Very Murray Christmas Miley Cyrus
10%
Charlie's Angels Sam Rockwell
10%
Hamlet Ethan Hawke
6%
Moonrise Kingdom Frances McDormand
6%
Moonrise Kingdom, The Grand Budapest Hotel Harvey Keitel
6%
The Jungle Book Lupita Nyong'o
6%
Zombieland: Double Tap Rosario Dawson
6%
Ed Wood Sarah Jessica Parker
6%
The French Dispatch Christoph Waltz
3%
Broken Flowers, Hamlet, The French Dispatch Jeffrey Wright
3%
The Jungle Book Jon Favreau
3%
Charlie's Angels LL Cool J
3%
Passion Play Mickey Rourke
3%
The Darjeeling Limited Natalie Portman
3%
St. Vincent Terrence Howard
3%
Get Smart Terrence Stamp
3%
City of Ember Tim Robbins
3%
Osmosis Jones William Shatner
3%
The Monuments Men Bob Balaban
0%
Rushmore Brian Cox
0%
Cradle Will Rock John Cusack
0%
Aloha John Krasinski
0%
Hamlet Liev Schreiber
0%
The Life Aquatic with Steve Zissou Michael Gambon
0%
The Dead Don't Die RZA
0%
The Dead Don't die Selena Gomez
0%
Get Smart Terry Crews
0%
Zombieland: Double Tap Thomas Middleditch
0%
Ed Wood Vincent D'Onofrio
0%
No matching quizzes found
Score Distribution
Percent of People with Each Score
Percentile by Number Answered
Your Score History
You have not taken this quiz since the last reset